Fuzzy systems in medicine

Αποθηκεύτηκε σε:
Λεπτομέρειες βιβλιογραφικής εγγραφής
Άλλοι συγγραφείς: Szczepaniak, Piotr S. 1953- (Επιμελητής έκδοσης), Lisboa, P. J. G. (Paulo J. G.) 1958- (Επιμελητής έκδοσης), Kacprzyk, Janusz (Επιμελητής έκδοσης)
Μορφή: Βιβλίο
Γλώσσα:English
Δημοσίευση: Heidelberg : Physica-Verlag, c2000
Σειρά:Studies in fuzziness and soft computing ; ; 41
Θέματα:
Ετικέτες: Προσθήκη ετικέτας
Δεν υπάρχουν, Καταχωρήστε ετικέτα πρώτοι!

MARC

LEADER 00000nam a2200000 i 4500
001 1/15956
008 010122s2000 eng d
020 |a 3-7908-1263-3 
035 |l 10065603 
040 |a GR-MY-UA  |b gre  |e aacr 
041 0 |a eng 
082 0 |a 610.1511322 
245 1 0 |a Fuzzy systems in medicine /  |c Piotr S. Szczepaniak, Paulo J.G. Lisboa, Janusz Kacprzyk (Eds.) 
260 |a Heidelberg :   |b Physica-Verlag,   |c c2000 
300 |a xvii, 698 p.;  |b ill.;  |c 24 cm. 
490 1 |a Studies in fuzziness and soft computing  |v ; 41 
500 |a With 299 figures and 64 tables 
504 |a Includes index 
650 0 0 |a Fuzzy systems in medicine. 
650 0 0 |a Neural networks (Neurobiology) 
700 1 |a Szczepaniak, Piotr S.  |d 1953-  |4 edt 
700 1 |a Lisboa, P. J. G.  |q (Paulo J. G.)  |d 1958-  |4 edt 
700 1 |a Kacprzyk, Janusz.  |4 edt 
830 0 |a Studies in fuzziness and soft computing ;  |v ; 41 
852 |a INST  |b SYROS  |e 20010122  |h 610.1511322 FUZ  |p 005500001693  |q 005500001693  |t BK  |y 0 
901 |a BIBL5-2001-1 
909 |a Ε  |b 084417 
922 |a 5ΕΛΗ  |b 200012  |c ΓΡΑΦΙΚΩΝ ΤΕΧΝΩΝ  |d ΜΙΧΑΛΟΠΟΥΛΟΣ 
950 |a 183-2000-12-19 
970 |a ΚΟΝΤΟΥ  |b ΠΑΡΑΣΚΕΥΗ  |z 2001/01/31